Normal view MARC view

Entry Personal Name

Number of records used in: 1

001 - CONTROL NUMBER

  • control field: 32057

003 - CONTROL NUMBER IDENTIFIER

  • control field: OSt

005 - DATE AND TIME OF LATEST TRANSACTION

  • control field: 20220718143507.0

008 - FIXED-LENGTH DATA ELEMENTS

  • fixed length control field: 220718|| aca||aabn | a|a d

040 ## - CATALOGING SOURCE

  • Original cataloging agency: OSt
  • Transcribing agency: OSt

100 ## - HEADING--PERSONAL NAME

  • Personal name: Mookerjee, Devalina, et al

670 ## - SOURCE DATA FOUND

  • Source citation: Work cat.: (OSt)519166: Mookerjee, Devalina, et al , A culture-centered approach to experiences of the CoronaVirus pandemic lockdown among internal migrants in India

Powered by Koha